[Event "Oberliga NRW 2324"]
[Site "Germany"]
[Date "2024.02.18"]
[Round "6.3"]
[White "Sabirov, Ramil"]
[Black "Jens, Jelmer"]
[Result "1/2-1/2"]
[WhiteElo "2095"]
[BlackElo "2375"]
[PlyCount "69"]
[EventDate "2023.09.03"]
[EventType "team-tourn"]
[EventRounds "9"]
[EventCountry "GER"]
[SourceTitle "EXT 2025"]
[Source "ChessBase"]
[SourceDate "2024.10.14"]
[SourceVersion "1"]
[SourceVersionDate "2024.10.14"]
[SourceQuality "1"]
[WhiteTeam "Koeln Porz II"]
[BlackTeam "Erkenschwick"]
[WhiteTeamCountry "GER"]
[BlackTeamCountry "GER"]

1. Nf3 f5 2. g3 Nf6 3. Bg2 g6 4. b3 Bg7 5. Bb2 d6 6. d4 0-0 7. 0-0 c6 8. c4 Na6 9. Nc3 Qc7 10. d5 e5 11. dxe6 Bxe6 12. Nd4 Bf7 13. e3 Nc5 14. Qc2 a5 15. Rad1 Qb6 16. Rb1 Rfe8 17. Rfd1 Rad8 18. Ba1 Ng4 19. a3 Ne5 20. Nf3 Qc7 21. Ng5 a4 22. Nxa4 Nxa4 23. Bxe5 dxe5 24. bxa4 e4 25. Nxf7 Qxf7 26. c5 h5 27. Bf1 Kh7 28. Rb6 Rd5 29. Qb3 Re7 30. Rxd5 cxd5 31. Rd6 Rc7 32. Qxd5 Qxd5 33. Rxd5 Bf8 34. Bb5 Bxc5 35. Rd7+ 1/2-1/2

[Event "GER-ch U25-A"]
[Site "Willingen"]
[Date "2023.05.28"]
[Round "2"]
[White "Rohm, Linus"]
[Black "Sabirov, Ramil"]
[Result "1/2-1/2"]
[WhiteElo "1911"]
[BlackElo "2109"]
[PlyCount "82"]
[EventDate "2023.05.27"]
[EventType "swiss"]
[EventRounds "9"]
[EventCountry "GER"]
[SourceTitle "CBM 214 Extra"]
[Source "ChessBase"]
[SourceDate "2023.07.31"]
[SourceVersion "1"]
[SourceVersionDate "2023.07.31"]
[SourceQuality "1"]

1. d4 Nf6 2. c4 g6 3. Nc3 d5 4. cxd5 Nxd5 5. Bd2 c5 6. e4 Nxc3 7. Bxc3 cxd4 8. Qxd4 Qxd4 9. Bxd4 f6 10. f4 Bh6 11. g3 Nc6 12. Bc3 e5 13. fxe5 Nxe5 14. Bxe5 fxe5 15. Bb5+ Ke7 16. Nf3 Bh3 17. Bf1 Be6 18. Nxe5 Rac8 19. Bd3 Bg7 20. Nf3 Bxb2 21. Rb1 Bc3+ 22. Ke2 b6 23. a4 Rhf8 24. Rhf1 Bg4 25. Ke3 Bg7 26. Ng5 h6 27. Nf3 Rc3 28. Nh4 Rd8 29. Nxg6+ Ke8 30. Nf4 Bd4+ 31. Kd2 Ra3 32. Rfc1 Bd7 33. Rc4 Be5 34. Nd5 Rxa4 35. Rxa4 Bxa4 36. Ke3 Bc6 37. Bc4 Bxd5 38. exd5 Ke7 39. Ke4 Bf6 40. Bb5 Rc8 41. Bc6 Kd6 1/2-1/2

[Event "BL2-West 2223"]
[Site "Germany"]
[Date "2023.02.25"]
[Round "7.8"]
[White "Bukal, Vladimir Jr"]
[Black "Sabirov, Ramil"]
[Result "1-0"]
[WhiteElo "2411"]
[BlackElo "2125"]
[PlyCount "135"]
[EventDate "2022.10.22"]
[EventType "team-tourn"]
[EventRounds "10"]
[EventCountry "GER"]
[SourceTitle "EXT 2024"]
[Source "ChessBase"]
[SourceDate "2023.10.10"]
[SourceVersion "1"]
[SourceVersionDate "2023.10.10"]
[SourceQuality "1"]
[WhiteTeam "Heimbach Weis/Neuwied"]
[BlackTeam "Koeln Porz"]
[WhiteTeamCountry "GER"]
[BlackTeamCountry "GER"]

1. d4 Nf6 2. Nf3 g6 3. Bg5 Ne4 4. Bh4 d5 5. e3 Bg7 6. Nbd2 c5 7. c3 Qb6 8. Qb3 Nxd2 9. Nxd2 Qxb3 10. axb3 cxd4 11. exd4 0-0 12. Be2 Re8 13. 0-0 Nc6 14. Rfd1 Bf5 15. b4 a6 16. Nf3 h6 17. h3 g5 18. Bg3 Be4 19. Ne1 Rad8 20. Nd3 Bxd3 21. Bxd3 e6 22. Ra2 e5 23. dxe5 Nxe5 24. Bf5 d4 25. Be4 dxc3 26. Rxd8 Rxd8 27. bxc3 Nc6 28. Ra3 Rd1+ 29. Kh2 Rc1 30. b5 Nd8 31. Bxb7 axb5 32. Ra8 Bf6 33. Bc7 Rd1 34. Bc6 Kg7 35. Bxb5 Ne6 36. Ba5 Ra1 37. Ra7 Kg8 38. Be8 Bxc3 39. Bxf7+ Kf8 40. Bxc3 Rxa7 41. Bxe6 Ra6 42. Bd5 Ke7 43. g4 Kd6 44. Be4 Ke6 45. f3 Kf7 46. Kg3 Ra3 47. Bb2 Ra4 48. h4 Rb4 49. Be5 Ra4 50. Bc7 Ke7 51. Bb6 Rc4 52. Bd5 Rc3 53. Bd4 Rd3 54. Bc5+ Kf6 55. Be4 Rd8 56. f4 gxf4+ 57. Kxf4 Kg7 58. Bb4 Rc8 59. Bd6 Kf7 60. Be5 Rc4 61. Kf5 Rc5 62. Bd3 Rc8 63. g5 hxg5 64. hxg5 Rc1 65. g6+ Kf8 66. Bd4 Rc7 67. Kg5 Rd7 68. Kh6 1-0

[Event "GER-ch Youth-A"]
[Site "Willingen"]
[Date "2022.06.10"]
[Round "8"]
[White "Kardoeus, David"]
[Black "Sabirov, Ramil"]
[Result "1/2-1/2"]
[WhiteElo "2142"]
[BlackElo "2124"]
[PlyCount "148"]
[EventDate "2022.06.04"]
[EventType "swiss"]
[EventRounds "9"]
[EventCountry "GER"]
[SourceTitle "CBM 208 Extra"]
[Source "ChessBase"]
[SourceDate "2022.07.31"]
[SourceVersion "1"]
[SourceVersionDate "2022.07.31"]
[SourceQuality "1"]

1. e4 c5 2. Nf3 e6 3. d4 cxd4 4. Nxd4 Nc6 5. Nc3 Qc7 6. Be3 a6 7. Be2 Nf6 8. 0-0 Bb4 9. Nxc6 bxc6 10. f4 d5 11. e5 Nd7 12. Na4 Be7 13. c4 a5 14. Rc1 Qb8 15. Rf3 Ba6 16. Bf2 0-0 17. Rb3 Qc7 18. cxd5 Bxe2 19. Qxe2 exd5 20. Qc2 Rfc8 21. Rh3 g6 22. Rc3 c5 23. Nxc5 Nxc5 24. Bxc5 Bxc5+ 25. Rxc5 Qb6 26. Qf2 Rxc5 27. Rxc5 d4 28. Rd5 Rd8 29. Rxd8+ Qxd8 30. Kf1 Qd5 31. b3 Qe4 32. Qd2 h5 33. h4 d3 34. Kf2 Qd4+ 35. Kf3 Kf8 36. a3 Ke7 37. b4 a4 38. Qf2 Qd5+ 39. Ke3 Qb3 40. Qd2 Qxa3 41. b5 Qc5+ 42. Kxd3 Qxb5+ 43. Kc2 Qb3+ 44. Kc1 Ke6 45. Qd8 a3 46. Qf6+ Kd7 47. Qd6+ Kc8 48. Qc6+ Kb8 49. Qd6+ Kb7 50. Qd7+ Kb6 51. Qd6+ Kb5 52. Qd7+ Kb4 53. Qb7+ Kc3 54. Qf3+ Kc4 55. Qe4+ Kc5 56. e6 Qxe6 57. Qa8 Qc4+ 58. Kb1 Qb3+ 59. Kc1 a2 60. Qa7+ Kd6 61. Qd4+ Kc6 62. Qe4+ Kc5 63. Qe5+ Kc4 64. Qe4+ Kc5 65. Qe5+ Qd5 66. Qe3+ Kd6 67. Kb2 Qxg2+ 68. Ka1 Qd5 69. Qg3 Ke6 70. Qh3+ Kf6 71. Qc3+ Kf5 72. Qh3+ Kxf4 73. Qh2+ Kg4 74. Qg2+ Qxg2 1/2-1/2

[Event "GER-chT U20"]
[Site "Osnabrueck"]
[Date "2018.12.28"]
[Round "3.4"]
[White "Stemmler, Fabian"]
[Black "Sabirov, Ramil"]
[Result "0-1"]
[WhiteElo "1972"]
[BlackElo "2066"]
[PlyCount "53"]
[EventDate "2018.12.27"]
[EventType "team-swiss"]
[EventRounds "7"]
[EventCountry "GER"]
[SourceTitle "CBM 188 Extra"]
[Source "ChessBase"]
[SourceDate "2019.02.28"]
[SourceVersion "1"]
[SourceVersionDate "2019.02.28"]
[SourceQuality "1"]
[WhiteTeam "Brackel"]
[BlackTeam "Porz SG"]
[WhiteTeamCountry "GER"]
[BlackTeamCountry "GER"]

1. d4 Nf6 2. c4 g6 3. Nc3 d5 4. cxd5 Nxd5 5. e4 Nxc3 6. bxc3 Bg7 7. Bc4 c5 8. Ne2 Nc6 9. Be3 0-0 10. 0-0 Qc7 11. Rc1 Rd8 12. Qd2 b6 13. Bh6 Bh8 14. Bf4 Qd7 15. Rfd1 Bb7 16. Be3 Na5 17. Bd3 Qa4 18. Qc2 Qa3 19. dxc5 bxc5 20. Rb1 c4 21. Bxc4 Nxc4 22. Rxd8+ Rxd8 23. Rxb7 Qxa2 24. Qb1 Nxe3 25. fxe3 Qxe2 26. Rb8 Qxe3+ 27. Kf1 0-1

[Event "GER-ch U25-A"]
[Site "Willingen"]
[Date "2017.06.06"]
[Round "4"]
[White "Sabirov, Ramil"]
[Black "Arndt, Magnus"]
[Result "1/2-1/2"]
[WhiteElo "2094"]
[BlackElo "1996"]
[PlyCount "73"]
[EventDate "2017.06.04"]
[EventType "swiss"]
[EventRounds "9"]
[EventCountry "GER"]
[SourceTitle "CBM 178 Extra"]
[Source "ChessBase"]
[SourceDate "2017.06.22"]
[SourceVersion "1"]
[SourceVersionDate "2017.06.22"]
[SourceQuality "1"]

1. Nf3 Nf6 2. c4 e6 3. g3 d5 4. b3 Be7 5. Bg2 0-0 6. 0-0 Nbd7 7. Bb2 c6 8. Nc3 a5 9. Qc2 Nb6 10. d3 Re8 11. e4 Bf8 12. e5 Nfd7 13. Qe2 g6 14. Rad1 Bg7 15. d4 Nf8 16. h4 Nbd7 17. Ba3 b6 18. Rfe1 Ba6 19. Bd6 Rc8 20. Bf1 f6 21. Qd2 Bb7 22. Qf4 h6 23. Bd3 f5 24. c5 b5 25. g4 Nh7 26. Qg3 Kh8 27. Ne2 Rg8 28. Nf4 Ndf8 29. Nh3 Ra8 30. Kh2 Qe8 31. Rg1 Qf7 32. Kg2 b4 33. Bc2 Ba6 34. Nh2 Nd7 35. f4 Bf8 36. Bxf8 Raxf8 37. g5 1/2-1/2

[Event "Mittelrhein Regionalliga 16/17"]
[Site "Nordrheinwestfalen"]
[Date "2017.04.30"]
[Round "11.2"]
[White "Heppekausen, Jochen"]
[Black "Sabirov, Ramil"]
[Result "1/2-1/2"]
[WhiteElo "2154"]
[BlackElo "2052"]
[PlyCount "58"]
[EventDate "2016.09.11"]
[EventType "team-tourn"]
[EventRounds "11"]
[EventCountry "GER"]
[SourceTitle "EXT 2022"]
[Source "ChessBase"]
[SourceDate "2021.10.06"]
[SourceVersion "1"]
[SourceVersionDate "2021.10.06"]
[SourceQuality "1"]
[WhiteTeam "Koeln SF II"]
[BlackTeam "Porz SG III"]
[WhiteTeamCountry "GER"]
[BlackTeamCountry "GER"]

1. e4 c5 2. c3 Nf6 3. e5 Nd5 4. d4 cxd4 5. Nf3 e6 6. cxd4 d6 7. a3 Bd7 8. Nbd2 Bc6 9. Nc4 dxe5 10. Ncxe5 Be7 11. Bd3 0-0 12. 0-0 Nf6 13. Be3 Qd5 14. Rc1 Bb5 15. Bc4 Bxc4 16. Rxc4 Nbd7 17. Qe2 Nb6 18. Rc2 Qb3 19. Rc3 Qa2 20. Rfc1 Nfd5 21. R3c2 Rac8 22. Ne1 Rxc2 23. Qxc2 f6 24. N5d3 Rc8 25. Qb1 Qb3 26. Rxc8+ Nxc8 27. Qc2 Qxc2 28. Nxc2 Kf7 29. Kf1 Nd6 1/2-1/2

[Event "Mittelrhein Regionalliga 16/17"]
[Site "Nordrheinwestfalen"]
[Date "2017.03.19"]
[Round "9.2"]
[White "Schalow, Daniel"]
[Black "Sabirov, Ramil"]
[Result "1/2-1/2"]
[WhiteElo "2050"]
[BlackElo "2052"]
[PlyCount "113"]
[EventDate "2016.09.11"]
[EventType "team-tourn"]
[EventRounds "11"]
[EventCountry "GER"]
[SourceTitle "EXT 2022"]
[Source "ChessBase"]
[SourceDate "2021.10.06"]
[SourceVersion "1"]
[SourceVersionDate "2021.10.06"]
[SourceQuality "1"]
[WhiteTeam "Langenfeld"]
[BlackTeam "Porz SG III"]
[WhiteTeamCountry "GER"]
[BlackTeamCountry "GER"]

1. d4 Nf6 2. Bg5 d5 3. e3 e6 4. Nf3 Be7 5. Bd3 0-0 6. 0-0 b6 7. Ne5 Bb7 8. Bxf6 Bxf6 9. f4 g6 10. Nd2 c5 11. c3 Ba6 12. Bxa6 Nxa6 13. Ndf3 Nc7 14. g4 Ne8 15. g5 Bg7 16. Ng4 Nd6 17. h4 Nf5 18. Kf2 Qd6 19. Rh1 cxd4 20. Nxd4 Nxd4 21. cxd4 Rfc8 22. Kf3 Rc7 23. Qd2 Rac8 24. Rac1 Rc6 25. Rxc6 Qxc6 26. h5 Qc2 27. Qxc2 Rxc2 28. hxg6 hxg6 29. Rh2 Rxh2 30. Nxh2 Kf8 31. Ke2 Ke7 32. Nf3 Kd6 33. Kd3 Kc6 34. e4 Kd6 35. e5+ Kc6 36. Nh2 Bf8 37. Ng4 Kd7 38. Kc3 a6 39. Kb3 Kd8 40. Nh6 Ke8 41. Ng8 Kd7 42. Nf6+ Kc6 43. a3 Kc7 44. Ka4 Kc6 45. b4 Kc7 46. Ng4 Kd7 47. Kb3 Kd8 48. Ka4 Kd7 49. Kb3 Kd8 50. Nf2 Kd7 51. Nd1 Kd8 52. Nc3 Kd7 53. Na4 Kc6 54. Nb2 Kd7 55. Ka4 Kd8 56. Nd3 Kd7 57. Kb3 1/2-1/2

[Event "GER-chT U20"]
[Site "Borken"]
[Date "2016.12.29"]
[Round "6.2"]
[White "Sabirov, Ramil"]
[Black "Beeck, Mats"]
[Result "1/2-1/2"]
[WhiteElo "2040"]
[BlackElo "2148"]
[PlyCount "41"]
[EventDate "2016.12.27"]
[EventType "team-swiss"]
[EventRounds "7"]
[EventCountry "GER"]
[SourceTitle "EXT 2018"]
[Source "ChessBase"]
[SourceDate "2017.10.13"]
[SourceVersion "1"]
[SourceVersionDate "2017.10.13"]
[SourceQuality "1"]
[WhiteTeam "Porz SG"]
[BlackTeam "Kiel Doppelbauer"]
[WhiteTeamCountry "GER"]
[BlackTeamCountry "GER"]

1. d4 Nf6 2. g3 d5 3. Bg2 c6 4. Nf3 Bg4 5. 0-0 Nbd7 6. b3 e6 7. Bb2 Bd6 8. Ne5 Bh5 9. Qe1 0-0 10. Nd2 Qc7 11. Nxd7 Qxd7 12. e4 dxe4 13. Nxe4 Nxe4 14. Qxe4 Bg6 15. Qe2 Rfe8 16. Rfe1 Qe7 17. c4 Bb4 18. Red1 Ba3 19. Bc3 Bb4 20. Bb2 Ba3 21. Bc3 1/2-1/2

[Event "GER-chT U20"]
[Site "Borken"]
[Date "2016.12.28"]
[Round "4.2"]
[White "Sabirov, Ramil"]
[Black "Tong, Kevin"]
[Result "1-0"]
[WhiteElo "2040"]
[BlackElo "2061"]
[PlyCount "87"]
[EventDate "2016.12.27"]
[EventType "team-swiss"]
[EventRounds "7"]
[EventCountry "GER"]
[SourceTitle "EXT 2018"]
[Source "ChessBase"]
[SourceDate "2017.10.13"]
[SourceVersion "1"]
[SourceVersionDate "2017.10.13"]
[SourceQuality "1"]
[WhiteTeam "Porz SG"]
[BlackTeam "Erlangen"]
[WhiteTeamCountry "GER"]
[BlackTeamCountry "GER"]

1. e4 e5 2. Nf3 Nc6 3. Bb5 a6 4. Ba4 Nf6 5. d3 b5 6. Bb3 Be7 7. 0-0 d6 8. c3 0-0 9. h3 Na5 10. Bc2 c5 11. Re1 Nc6 12. Nbd2 Qc7 13. Nf1 Be6 14. Ng3 Rfd8 15. Ng5 d5 16. Nxe6 fxe6 17. exd5 exd5 18. Nf5 Bf8 19. Bg5 Qf7 20. Qf3 Qg6 21. h4 Kh8 22. a4 Rac8 23. axb5 axb5 24. Ra6 c4 25. Ng3 cxd3 26. Qxd3 e4 27. Qxb5 Nb4 28. Bb1 Nxa6 29. Qxa6 h6 30. Bxf6 gxf6 31. Ne2 Bd6 32. Rd1 Ra8 33. Qc6 Rac8 34. Qa6 f5 35. g3 f4 36. Nxf4 Qg4 37. Rxd5 Ra8 38. Qb6 Rab8 39. Qc6 Rbc8 40. Qa6 Ra8 41. Qb6 Be7 42. Qxh6+ Kg8 43. Bxe4 Ra1+ 44. Kg2 1-0

[Event "Mittelrhein Regionalliga 16/17"]
[Site "Nordrheinwestfalen"]
[Date "2016.12.18"]
[Round "5.2"]
[White "Tendick, Frank"]
[Black "Sabirov, Ramil"]
[Result "0-1"]
[WhiteElo "2079"]
[BlackElo "2040"]
[PlyCount "102"]
[EventDate "2016.09.11"]
[EventType "team-tourn"]
[EventRounds "11"]
[EventCountry "GER"]
[SourceTitle "EXT 2022"]
[Source "ChessBase"]
[SourceDate "2021.10.06"]
[SourceVersion "1"]
[SourceVersionDate "2021.10.06"]
[SourceQuality "1"]
[WhiteTeam "Dormagen SV"]
[BlackTeam "Porz SG III"]
[WhiteTeamCountry "GER"]
[BlackTeamCountry "GER"]

1. Nf3 c5 2. g3 Nc6 3. d4 cxd4 4. Nxd4 g6 5. Bg2 Bg7 6. c3 Nf6 7. 0-0 0-0 8. Bg5 h6 9. Bxf6 Bxf6 10. Qd2 Kh7 11. Na3 Qc7 12. Nac2 a6 13. e4 Bg7 14. Ne3 b5 15. a4 b4 16. Nd5 Qb7 17. Nxc6 bxc3 18. Nxc3 dxc6 19. a5 Qb4 20. Rfd1 Bg4 21. Rdb1 Be6 22. Qf4 Rab8 23. e5 Bf5 24. Qxb4 Rxb4 25. Re1 Rxb2 26. Na4 Rb5 27. Bxc6 Rxa5 28. Nb6 Rxa1 29. Rxa1 Bxe5 30. Rxa6 Rd8 31. Kg2 Bd4 32. Nc4 Be6 33. Ne3 Rd6 34. Bb7 Rxa6 35. Bxa6 Kg7 36. Kf3 Bd7 37. Bb7 f5 38. Nc2 Bc5 39. Ne1 e5 40. Nc2 Bb5 41. Ne3 Bd3 42. Bc6 Kf6 43. Bb7 g5 44. Bc6 Ke6 45. Bb7 g4+ 46. Kg2 Bxe3 47. fxe3 Be4+ 48. Bxe4 fxe4 49. h3 h5 50. hxg4 hxg4 51. Kf2 Kd5 0-1

[Event "Mittelrhein Regionalliga 16/17"]
[Site "Nordrheinwestfalen"]
[Date "2016.10.02"]
[Round "2.1"]
[White "Coenen, Norbert"]
[Black "Sabirov, Ramil"]
[Result "1/2-1/2"]
[WhiteElo "2267"]
[BlackElo "2040"]
[PlyCount "89"]
[EventDate "2016.09.11"]
[EventType "team-tourn"]
[EventRounds "11"]
[EventCountry "GER"]
[SourceTitle "EXT 2022"]
[Source "ChessBase"]
[SourceDate "2021.10.06"]
[SourceVersion "1"]
[SourceVersionDate "2021.10.06"]
[SourceQuality "1"]
[WhiteTeam "Aachen SV II"]
[BlackTeam "Porz SG III"]
[WhiteTeamCountry "GER"]
[BlackTeamCountry "GER"]

1. e4 c5 2. Nf3 Nc6 3. Bb5 d6 4. 0-0 Bg4 5. c3 Nf6 6. Re1 Nd7 7. h3 Bh5 8. d4 Bxf3 9. Qxf3 cxd4 10. Bxc6 bxc6 11. cxd4 e6 12. Nc3 Qf6 13. Qd3 Be7 14. Qc4 Rc8 15. Qa6 Rc7 16. d5 0-0 17. dxc6 Nc5 18. Qe2 Rxc6 19. Be3 Rb8 20. Rad1 Rb4 21. a3 Rb3 22. Bd4 Qg5 23. Rd2 h6 24. Red1 Rc8 25. g3 h5 26. Kg2 h4 27. g4 Rcb8 28. Rf1 Qg6 29. f4 Qh6 30. Rf3 R3b7 31. Bxc5 dxc5 32. e5 g5 33. f5 exf5 34. gxf5 g4 35. hxg4 Qxd2 36. Qxd2 Rxb2 37. Rf2 Rxd2 38. Rxd2 Bg5 39. Rc2 Rb3 40. a4 Bf4 41. e6 fxe6 42. fxe6 h3+ 43. Kxh3 Be5 44. e7 Kf7 45. e8Q+ 1/2-1/2

[Event "GER-ch U18"]
[Site "Willingen"]
[Date "2016.05.15"]
[Round "2"]
[White "Keller, Peter1"]
[Black "Sabirov, Ramil"]
[Result "1-0"]
[WhiteElo "2285"]
[BlackElo "2043"]
[PlyCount "61"]
[EventDate "2016.05.15"]
[EventType "swiss"]
[EventRounds "9"]
[EventCountry "GER"]
[SourceTitle "CBM 172 Extra"]
[Source "ChessBase"]
[SourceDate "2016.06.21"]
[SourceVersion "1"]
[SourceVersionDate "2016.06.21"]
[SourceQuality "1"]

1. e4 c5 2. Nf3 Nc6 3. Bb5 e6 4. Bxc6 bxc6 5. b3 d6 6. 0-0 e5 7. Re1 Ne7 8. c3 f6 9. d4 Be6 10. dxc5 dxc5 11. c4 Qa5 12. Bd2 Qc7 13. Nc3 Nc8 14. Nh4 Be7 15. Nf5 0-0 16. Qg4 Bxf5 17. exf5 Rd8 18. Be3 Nd6 19. Qf3 Qd7 20. Rad1 Qe8 21. Rd2 Nb7 22. Red1 Rd4 23. Bxd4 cxd4 24. Ne4 Qd7 25. Rd3 Nc5 26. Nxc5 Bxc5 27. Qe4 Re8 28. Re1 Bb4 29. Re2 a5 30. g4 h6 31. h4 1-0

[Event "GER-chT U20"]
[Site "Osnabrueck"]
[Date "2015.12.30"]
[Round "7.3"]
[White "Sabirov, Ramil"]
[Black "Leeb, Simon"]
[Result "1-0"]
[WhiteElo "2067"]
[BlackElo "2065"]
[PlyCount "57"]
[EventDate "2015.12.27"]
[EventType "team-swiss"]
[EventRounds "7"]
[EventCountry "GER"]
[SourceTitle "EXT 2017"]
[Source "ChessBase"]
[SourceDate "2016.10.25"]
[SourceVersion "1"]
[SourceVersionDate "2016.10.25"]
[SourceQuality "1"]
[WhiteTeam "Porz SG"]
[BlackTeam "Muenchen Suedost"]
[WhiteTeamCountry "GER"]
[BlackTeamCountry "GER"]

1. Nf3 g6 2. c4 Bg7 3. Nc3 d6 4. d4 Nf6 5. g3 0-0 6. Bg2 Nbd7 7. 0-0 c6 8. Qc2 Qc7 9. b3 e5 10. e3 h6 11. Bb2 Ne8 12. dxe5 Nxe5 13. Nxe5 dxe5 14. Ba3 Nd6 15. Ne4 Bf5 16. Bxd6 Bxe4 17. Qd1 Qa5 18. Bxe4 Rfd8 19. c5 f5 20. Bd3 Kh8 21. Bc4 b6 22. Qe1 Qa3 23. Qc3 Rxd6 24. cxd6 e4 25. Qc1 Bb2 26. Qd1 Rd8 27. Rb1 Rxd6 28. Qc2 Be5 29. Rfd1 1-0